| 000 | 01541nam a2200361 a 4500 | ||
|---|---|---|---|
| 999 |
_c529567 _d529567 |
||
| 001 | 3891124 | ||
| 003 | NUST | ||
| 005 | 20190927154453.0 | ||
| 008 | 901219s1991 dcua b f000 0 eng | ||
| 010 | _a 90072110 | ||
| 020 |
_a0309049199 : _c$9.00 |
||
| 038 | _aMSOHAIL | ||
| 040 |
_aDLC _cDLC |
||
| 050 | 0 | 0 |
_aTE270 _b.B35 1991 |
| 082 | 0 | 0 |
_a625.85 _220 |
| 100 | 1 |
_aBarksdale, Richard D. _921860 |
|
| 245 | 0 | 0 |
_aFabrics in asphalt overlays and pavement maintenance / _cRichard D. Barksdale. |
| 260 |
_aWashington, D.C. : _bTransportation Research Board, National Research Council, _c[1991]. |
||
| 300 |
_a72 p. : _bill. ; _c28 cm. |
||
| 440 | 0 |
_aSynthesis of highway practice, _x0547-5570 ; _v171 _921861 |
|
| 500 | _a"Research sponsored by the American Association of State Highway and Transportation Officials in cooperation with the Federal Highway Administration." | ||
| 500 | _a"July 1991." | ||
| 504 | _aIncludes bibliographical references (p. 51-55). | ||
| 650 | 0 |
_aPavements, Asphalt concrete _xCracking. _921862 |
|
| 650 | 0 |
_aPavements, Asphalt concrete _xMaintenance and repair. _921863 |
|
| 650 | 0 |
_aRoad materials _xTesting. _921230 |
|
| 650 | 0 |
_aGeosynthetics _xTesting. _921864 |
|
| 710 | 2 |
_aAmerican Association of State Highway and Transportation Officials. _919553 |
|
| 710 | 1 |
_aUnited States. _bFederal Highway Administration. _920149 |
|
| 906 |
_a7 _bcbc _corignew _d2 _eopcn _f19 _gy-gencatlg |
||
| 942 |
_2ddc _cBK |
||